Statistiche per La classifica perpetua della Serie A

Clicka qui per fare il quiz!

Statistiche generali

  • Questo quiz è stato fatto 12.340 volte
    (439 dall'ultimo reset)
  • Il punteggio medio è 47 su 68

Statistiche sulle risposte

Pos.StagioniPuntiSquadra% Corretto
2925478Inter
100%
3905244Milan
100%
6783957Napoli
100%
1915828Juventus
99%
4914759Roma
98%
7813934Lazio
97%
9773527Bologna
96%
8803736Torino
96%
5864231Fiorentina
95%
12562334Genoa
94%
16291205Palermo
94%
11632690Atalanta
91%
18331179Hellas Verona
91%
14431724Cagliari
90%
10662957Sampdoria
90%
19301 060Bari
89%
13512197Udinese
89%
3713416Venezia
87%
2718566Lecce
86%
2617667Catania
84%
15271336Parma
84%
545158Salernitana
84%
3411484Sassuolo
82%
2217740Chievo
78%
63252Monza
77%
62356Frosinone
76%
497203Pisa
76%
2123807Brescia
75%
2816559Empoli
74%
2418685Livorno
71%
3113515Modena
71%
466236Pro Vercelli
71%
61276Benevento
68%
3513461Como
68%
537168Pescara
68%
2319721S.P.A.L. Ferrara
68%
525171Messina
67%
3213513Perugia
67%
488228Cremonese
66%
2516676Padova
65%
507202Catanzaro
63%
3911399Foggia
63%
419345Reggina
63%
563106Spezia
63%
17301 188Vicenza
63%
57392Crotone
62%
66238Ancona
61%
59378Reggiana
61%
4210343Avellino
60%
2916520Ascoli
58%
3813399Cesena
57%
409349Robur Siena
57%
20261 027Triestina
57%
3313506Novara
55%
58388Lecco
53%
448283Piacenza
53%
477232Mantova
52%
3013517Alessandria
51%
64242Ternana
47%
68121Treviso
47%
65138Carpi
43%
517191Varese
42%
438324Lucchese
41%
3612456Pro Patria
33%
554123Casale
30%
67122Pistoiese
29%
458270Sampierdarenese
28%
60377Legnano
18%

Distribuzione punteggi

Percentile per numero di risposta

Percentuale di utenti per punteggio

I tuoi punteggi nel tempo

Non hai fatto questo quiz dall'ultimo reset